|
|
|
|
| LEADER |
00774cam a2200229 7i4500 |
| 001 |
0000056949 |
| 005 |
20140616090000.0 |
| 008 |
080428s2007 my a eng |
| 020 |
# |
# |
|a 9833782078
|
| 020 |
# |
# |
|a 9789833782079
|
| 090 |
0 |
0 |
|a BP 173.7
|b .S3 2007
|
| 100 |
0 |
# |
|a Salbiah Ahmad
|
| 245 |
1 |
0 |
|a Critical thoughts on Islam, rights, and freedom in Malaysia
|c Salbiah Ahmad.
|
| 260 |
# |
# |
|a Petaling Jaya:
|b SIRD,
|c 2007.
|
| 300 |
# |
# |
|a xviii, 405 p.;
|c 22 cm..
|
| 500 |
# |
# |
|a Essays
|
| 500 |
# |
# |
|a "Malaya"--Cover
|
| 590 |
# |
# |
|a Pusat Pendidikan Asas dan Liberal
|
| 650 |
0 |
0 |
|a Malaysia --
|x Politics and government
|
| 650 |
0 |
0 |
|a Islam and politics --
|z Malaysia
|
| 999 |
|
|
|a 1100055149
|b Book
|c Open Shelf
|e KOLEKSI TERBUKA
|
| 999 |
|
|
|a 1100057413
|b Book
|c Open Shelf
|e KOLEKSI TERBUKA
|